A légi és a tengeri fuvarozás hatékonyságának és kihívásainak a vizsgálata nemzetközi szállítmányozó vállalatok példáin keresztül

Bibliográfiai részletek
Szerző: Domonyi Bernadett
További közreműködők: Kozma Dr. Tímea
Dokumentumtípus: TDK dolgozat
Kulcsszavak:21. század
kihívás(ok)
nemzetközi logisztika
szállítmányozás
változások
Online Access:http://dolgozattar.uni-bge.hu/60525

MARC

LEADER 00000nta a2200000 i 4500
001 dolg60525
005 20260416073842.0
008 260416suuuu hu o 000 hun d
040 |a BGE Dolgozattár Repozitórium  |b hun 
041 |a hu 
100 1 |a Domonyi Bernadett 
245 1 2 |a A légi és a tengeri fuvarozás hatékonyságának és kihívásainak a vizsgálata nemzetközi szállítmányozó vállalatok példáin keresztül  |c Domonyi Bernadett  |h [elektronikus dokumentum] 
516 |a Students_Scientific_Association_paper 
520 3 |a A dolgozat a légi és tengeri szállítmányozás sajátosságait elemzi a dinamikusan változó globális gazdasági környezet tükrében, különös figyelmet fordítva a költségekre, a szállítási időre, a megbízhatóságra és a rugalmasságra, mint kulcsfontosságú paraméterekre. A téma aktualitását olyan globális események indokolják, mint a COVID-19 világjárvány, az orosz–ukrán háború, valamint a Közel-Kelet térségében felmerülő tengeri hajózási kockázatok. Ezek a faktorok érdemben befolyásolták az ellátási láncok működését és a vállalatok fuvarozási döntéshozatali mechanizmusait. A kutatás elsődleges célja annak feltárása, hogy a vállalatok milyen kritériumok alapján választanak a légi és tengeri szállítási módok között, és miként alkalmazkodnak a fokozódó bizonytalanság jellemezte működési feltételekhez. A dolgozat módszertana kvalitatív megközelítésen alapul, amelynek keretében egy empirikus vizsgálat készült. Ennek során öt, nemzetközi szállítmányozással foglalkozó vállalat szakembereivel folytatott félig strukturált mélyinterjúk kerültek elemzésre. Ez a módszertan lehetővé tette a gyakorlati tapasztalatok, a döntési szempontok, a kockázatkezelési stratégiák és az ügyféloldali elvárások mélyreható megismerését. A kutatás különös hangsúlyt fektetett arra, hogy feltárja, hogyan alakultak át a szállítmányozási folyamatok a külső gazdasági és geopolitikai hatások következtében. Az empirikus vizsgálat eredményei alapján megállapítható, hogy a légi szállítás legfőbb előnye a gyorsaság és a megbízhatóság, azonban ehhez jelentős költségtöbblet társul, amely különösen válságidőszakokban exponenciálisan megnövekedett. Ezzel szemben a tengeri szállítás költséghatékonyabb alternatívát kínál, ám fokozottan érzékeny a kikötői torlódásokra, a konténerhiányra és a menetrendi bizonytalanságokra. A COVID-19 pandémia időszaka a légi kapacitások drasztikus visszaesését és a tengeri fuvardíjak többszörös emelkedését eredményezte, míg az orosz–ukrán konfliktus a transzkontinentális vasúti útvonalak kiesésével, valamint alternatív, jellemzően lassabb vagy költségesebb szállítási megoldások keresésével járt. A kutatás rámutat arra is, hogy a vállalatok számára a rugalmas alkalmazkodás képessége, a transzparens ügyfélkommunikáció és az útvonal-diverzifikáció váltak a legfontosabb stratégiai válaszokká a globális kihívásokra. A dolgozat összegzéseként megállapítható, hogy a fuvarozási mód megválasztását napjainkban már nem kizárólag a költség vagy a szállítási idő szempontjai határozzák meg. Egyre hangsúlyosabbá válnak a kockázatmenedzsment, a megbízhatóság és az ellátási lánc stabilitásának szempontjai is. A globális bizonytalanság fokozódása következtében a szállítmányozási szektor szereplői számára a jövőben a rugalmasság, a stratégiai együttműködések és az előre tervezés képezik a legfontosabb versenyelőnyt. 
695 |a 21. század 
695 |a kihívás(ok) 
695 |a nemzetközi logisztika 
695 |a szállítmányozás 
695 |a változások 
700 1 |a Kozma Dr. Tímea  |e ths 
856 4 0 |u http://dolgozattar.uni-bge.hu/60525/1/Domonyi%20Bernadett%20TDK.pdf  |z Dokumentum-elérés 
856 4 0 |u http://dolgozattar.uni-bge.hu/60525/2/rezume_Domonyi%20Bernadett_2025_HU.docx  |z Dokumentum-elérés 
856 4 0 |u http://dolgozattar.uni-bge.hu/60525/3/Dolgozat_biralati_lap_2025_HU%20Domonyi%20Bernadett.pdf  |z Dokumentum-elérés 
856 4 0 |u http://dolgozattar.uni-bge.hu/60525/4/Domonyi%20Bernadett_Dolgozat_biralati_lap_2025.pdf  |z Dokumentum-elérés